O universo (Registo nº 3455)

Detalhes MARC
000 -Etiqueta do registo
Cabeçalho 00831nam a22002891 4500
005 - Identificador da versão
Campo de controlo 20240829164932.0
010 ## - Número internacional normalizado dos livros (ISBN)
Número (ISBN) 9726101484
021 ## - Número do Depósito Legal
Código do país PT
Número 130562/98
100 ## - Dados gerais de processamento
Dados gerais de processamento 20061024d2002 cd y0pory500305 ba
101 1# - Língua de publicação
Língua do texto, banda sonora, etc. Português
Língua do documento no original Francês
102 ## - Pais de publicação ou produção
País de publicação Portugal
105 ## - Campo de dados codificados: livros
Dados codificados dos livros a f 001yy
106 ## - Campo de dados codificados: material textual
Dados codificados do material textual r
200 1# - Titulo e menção de responsabilidade
Título próprio O universo
Primeira menção de responsabilidade Jean Pierre Verdet
Outras menções de responsabilidade il. Pierre Bom... [et al.]
-- trad. Joana Caspurro
205 ## - Menção da edição
Menção da edição 2ª ed
210 ## - Publicação, Distribuição, etc. 
Lugar da edição, distribuição, etc. Porto
Nome do editor, distribuidor, etc. Campo das Letras
Data da publicação, distribuição, etc. 2002
215 ## - Descrição física 
Indicação específica da natureza do documento e extensão da espécie 120 p.
Outras indicações físicas il.
Dimensões 19 cm
225 2# - Colecção 
Título próprio da colecção A minha primeira enciclopédia Larousse
Indicação de volume 9
304 ## - Notas relativas a título e menção de responsabilidade 
Texto da nota Tít. orig.: L'univers
606 ## - Nome comum usado como assunto
Número de registo de entrada de autoridade 0002229
Palavra de ordem Ciências exactas
Subdivisão de assunto Astronomia
675 ## - Classificação Decimal Universal (CDU)
Notação 52
Edição
Língua da edição por
700 #1 - Nome de autor-pessoa física (responsabilidade principal)
Número de registo de entrada de autoridade 0002782
Palavra de ordem Verdet
Outra parte do nome não tomada para palavra de ordem Jean Pierre
702 #1 - Nome de autor-pessoa física (responsabilidade secundária)
Número de registo de entrada de autoridade 0002783
Palavra de ordem Bom
Outra parte do nome não tomada para palavra de ordem Pierre
Código de função Ilustrador / Técnico de desenho computorizado
Número de registo de entrada de autoridade 0001559
Palavra de ordem Caspurro
Outra parte do nome não tomada para palavra de ordem Joana
Código de função Tradutor
942 ## - Elementos de entrada adicionados (Koha)
Tipo de item no Koha Livro
Exemplares
Situação do levantamento Origin of item (home branch) (coded) Biblioteca de empréstimo Código de barras Cota Circulation type (not for loan) Tipo de documento Nota do exemplar Damaged status
  Biblioteca Escolar da Coca Maravilhas Biblioteca Escolar da Coca Maravilhas BECM7468/06 5AST VER   Livro Sem mensagem